Abila between the local community and public awareness

Saved in:  
Bibliographic Details
Authors: Fayyad, Salameh (Author) ; Karasneh, Wajeh (Author)
Format: Print Article
Language:English
Check availability: HBZ Gateway
Interlibrary Loan:Interlibrary Loan for the Fachinformationsdienste (Specialized Information Services in Germany)
Published: 2005
In: Annual of the Department of Antiquities of Jordan
Year: 2005, Volume: 49, Pages: 521-529
IxTheo Classification:HH Archaeology
Further subjects:B Transjordan land Landscape
B Publicity
B Abila

MARC

LEADER 00000caa a22000002c 4500
001 1650426607
003 DE-627
005 20190909144610.0
007 tu
008 190311s2005 xx ||||| 00| ||eng c
035 |a (DE-627)1650426607 
035 |a (DE-576)519494989 
035 |a (DE-599)BSZ519494989 
040 |a DE-627  |b ger  |c DE-627  |e rakwb 
041 |a eng 
084 |a 1  |2 ssgn 
100 1 |a Fayyad, Salameh  |4 aut 
245 1 0 |a Abila between the local community and public awareness 
264 1 |c 2005 
336 |a Text  |b txt  |2 rdacontent 
337 |a ohne Hilfsmittel zu benutzen  |b n  |2 rdamedia 
338 |a Band  |b nc  |2 rdacarrier 
650 0 7 |0 (DE-588)4043183-6  |0 (DE-627)106210874  |0 (DE-576)209054581  |a Öffentlichkeit  |2 gnd 
651 7 |0 (DE-588)4211996-0  |0 (DE-627)105084174  |0 (DE-576)210207027  |a Abila  |2 gnd 
651 7 |0 (DE-588)4075746-8  |0 (DE-627)104540729  |0 (DE-576)209199326  |a Ostjordanland  |g Landschaft  |2 gnd 
652 |a HH 
700 1 |a Karasneh, Wajeh  |4 aut 
773 0 8 |i In  |a Jordanien. Dā'irat al-Āṯār al-ʿĀmma  |t Annual of the Department of Antiquities of Jordan  |d Amman : [Verlag nicht ermittelbar], 1971  |g 49(2005), Seite 521-529  |w (DE-627)182601021  |w (DE-600)1220285-X  |w (DE-576)045295271  |x 0449-1564  |7 nnas 
773 1 8 |g volume:49  |g year:2005  |g pages:521-529 
935 |a BIIN 
951 |a AR 
BIB |a 1 
ELC |b 1 
ITA |a 1  |t 1 
LOK |0 000 xxxxxcx a22 zn 4500 
LOK |0 001 3336892163 
LOK |0 003 DE-627 
LOK |0 004 1650426607 
LOK |0 005 20190311211806 
LOK |0 008 190311||||||||||||||||ger||||||| 
LOK |0 035   |a (DE-Tue135-1)169024 
LOK |0 040   |a DE-Tue135-1  |c DE-627  |d DE-Tue135-1 
LOK |0 852   |a DE-Tue135-1 
LOK |0 852 1  |c FTHAT097723/49/FDS  |m p  |9 00 
LOK |0 852 2  |b Z 4/30  |9 00 
LOK |0 935   |a iZSA 
LOK |0 936ln  |0 1442044187  |a HH 
LOK |0 938   |k p 
LOK |0 939   |a 11-03-19  |b l12 
ORI |a SA-MARC-ixtheoa001.raw 
STA 0 0 |a Publicity,Public life 
STB 0 0 |a Public,Espace public,Espace public 
STC 0 0 |a Esfera pública 
STD 0 0 |a Sfera pubblica,Pubblico,Pubblico 
STE 0 0 |a 公共领域 
STF 0 0 |a 公共領域 
STG 0 0 |a Esfera pública 
STH 0 0 |a Общественность,Гласность 
STI 0 0 |a Δημοσιότητα 
SUB |a BIB 
SYE 0 0 |a Öffentliches Leben 
SYF 0 0 |a Tell Abil,Seleucia Abila,Tall al Ḥammah as Samrāʾ,Tall al-Ḥammah as Samrāʾ,Tall al-Ḥammah al-Samrāʾ,Abel-Shittim,Abel-Schittim,Tell el Hamma es Samra,Tall al-Hammam,Tall el-Hammam , Transjordanien